Modelling and Control of Dynamics Flow in Communication Networks /

Guardado en:
Detalles Bibliográficos
Autor principal: Filipiak, Janusz (Autor)
Formato: Libro
Publicado: Berlin : Springer Verlag, 1988
Etiquetas: Agregar Etiqueta
Sin Etiquetas, Sea el primero en etiquetar este registro!

MARC

LEADER 00000nam a22000003a 4500
001 stu48610
005 20150617225708.0
008 ------s1988----gw----------------------d
040 |a STU  |b slo 
041 0
044 |a gw 
080 |a 519.87 
080 |a 621.39  |7 stu_us_auth*stu8291 
100 1 |a Filipiak, Janusz  |4 aut 
245 1 |a Modelling and Control of Dynamics Flow in Communication Networks /  |c [aut.] Filipiak,Janusz 
260 |a Berlin :  |b Springer Verlag,  |c 1988 
300 |a 202 s 
996 |b J83855  |c J*83855/K 3  |l JJK3  |s P  |a 0  |w stu48610_0001